| 000 | 00656nam a22001337a 4500 | ||
|---|---|---|---|
| 040 | _cRUA | ||
| 082 | _aVEM LEA 2021 B1-602 Or. | ||
| 100 | _aLEANG LYHOUR,លាង លីហ៊ួ | ||
| 245 | _aGASTRO-INTESTINAL PARASITES IN CHICKEN AT KHPOB COMMUNE,SAANG DISTRICT,KANDAL PROVINCE,បរាសិតក្នុងប្រដាប់រំលាយអាហារមាន់នៅឃុំខ្ពប ស្រុកស្អាង ខេត្តកណ្តាល | ||
| 260 |
_aphnom penh _brua _c2021 |
||
| 300 |
_aix.36p. _bill. _c29cm. |
||
| 856 | _uhttps://drive.google.com/file/d/1Jn30Ve8a29jvVB1gj5PzUtcX2J9Enrp3/view?usp=sharing | ||
| 942 | _cVEM | ||
| 999 |
_c21654 _d21654 |
||